[Event "ISR-ch"]
[Site "Beersheba"]
[Date "2014.06.17"]
[Round "1"]
[White "Rinberg, Alexander"]
[Black "Postny, Evgeny"]
[Result "1-0"]
[WhiteElo "2321"]
[BlackElo "2641"]
[PlyCount "87"]
[EventDate "2014.06.17"]
[EventType "swiss"]
[EventRounds "9"]
[EventCountry "ISR"]
[SourceTitle "CBM 161 Extra"]
[Source "ChessBase"]
[SourceDate "2014.08.29"]
[SourceVersion "1"]
[SourceVersionDate "2014.08.29"]
[SourceQuality "1"]

1. e4 e5 2. Nf3 Nc6 3. Bb5 a6 4. Ba4 Nf6 5. 0-0 Be7 6. Re1 b5 7. Bb3 d6 8. c3 Na5 9. Bc2 c5 10. d4 Qc7 11. Nbd2 0-0 12. d5 c4 13. Nf1 Nb7 14. h3 Bd7 15. Bg5 Rfb8 16. Ng3 a5 17. Nh4 g6 18. f4 Qb6+ 19. Kh1 exf4 20. Bxf4 Nxe4 21. Rxe4 Bxh4 22. Be3 Qd8 23. Rxh4 Qxh4 24. Ne4 Nc5 25. Bg5 Qxe4 26. Bxe4 Nxe4 27. Be3 Re8 28. Qf3 f5 29. Bd4 Re7 30. h4 h6 31. Kh2 Rae8 32. Re1 Kh7 33. Qf4 Rg8 34. Qf3 Rge8 35. Re2 Rg8 36. Qf4 Rge8 37. Rxe4 fxe4 38. Be3 g5 39. Qxd6 Bg4 40. Qg3 h5 41. hxg5 Re5 42. Qf4 Bf5 43. d6 Kg8 44. g6 1-0

[Event "ISR-ch"]
[Site "Haifa"]
[Date "2010.11.14"]
[Round "5.15"]
[White "Rinberg, Alexander"]
[Black "Kudischewitsch, David"]
[Result "0-1"]
[WhiteElo "2302"]
[BlackElo "2366"]
[PlyCount "86"]
[EventDate "2010.11.08"]
[EventType "swiss"]
[EventRounds "9"]
[EventCountry "ISR"]
[SourceTitle "EXT 2011"]
[Source "ChessBase"]
[SourceDate "2010.11.26"]
[SourceVersion "1"]
[SourceVersionDate "2010.11.26"]
[SourceQuality "1"]

1. e4 d5 2. exd5 Qxd5 3. Nc3 Qe5+ 4. Be2 c6 5. Nf3 Qc7 6. 0-0 e6 7. d4 Nd7 8. Ne4 Ngf6 9. Qd3 Be7 10. c4 0-0 11. b3 b6 12. Bb2 Bb7 13. Ng3 c5 14. Rfe1 Rfd8 15. Rad1 a6 16. Qe3 cxd4 17. Nxd4 Bb4 18. Bh5 Nf8 19. Rf1 Bc5 20. Qg5 h6 21. Qh4 N8h7 22. a3 g5 23. Qh3 Bxd4 24. Bxd4 e5 25. Bb2 Bc8 26. Bxe5 Rxd1 27. Rxd1 Qxe5 28. Rd8+ Kg7 29. Rxc8 Qe1+ 30. Nf1 Rxc8 31. Qxc8 Nxh5 32. g3 N5f6 33. Qxa6 g4 34. Qxb6 Ng5 35. Qe3 Qa1 36. b4 Nd7 37. b5 Ne5 38. c5 Nef3+ 39. Kg2 Qd1 40. c6 Qd5 41. Qc3+ Ne5+ 42. f3 gxf3+ 43. Kf2 Ne4+ 0-1

[Event "ISR-chT 0809"]
[Site "Israel"]
[Date "2008.12.12"]
[Round "1"]
[White "Rinberg, Alexander"]
[Black "Maryasin, Boris Feliksovich"]
[Result "1/2-1/2"]
[WhiteElo "2316"]
[BlackElo "2340"]
[PlyCount "40"]
[EventDate "2008.12.12"]
[EventType "team-tourn"]
[EventRounds "11"]
[EventCountry "ISR"]
[SourceTitle "EXT 2010"]
[Source "ChessBase"]
[SourceDate "2010.11.25"]
[SourceVersion "1"]
[SourceVersionDate "2010.11.25"]
[SourceQuality "1"]

1. e4 e5 2. Nf3 Nc6 3. Bb5 a6 4. Ba4 Nf6 5. 0-0 Be7 6. Bxc6 dxc6 7. d3 Nd7 8. b3 0-0 9. Bb2 f6 10. Nbd2 Nc5 11. d4 exd4 12. Nxd4 Qe8 13. Qf3 Bd6 14. Rfe1 Qg6 15. h3 Ne6 16. Nxe6 Bxe6 17. Nf1 a5 18. Ng3 a4 19. Nf5 Rfe8 20. Nxd6 cxd6 1/2-1/2

[Event "ISR-ch sf TLV"]
[Site "Tel Aviv"]
[Date "2008.09.14"]
[Round "5"]
[White "Rinberg, Alexander"]
[Black "Novik, Michael"]
[Result "1-0"]
[WhiteElo "2316"]
[BlackElo "2081"]
[PlyCount "57"]
[EventDate "2008.09.14"]
[EventType "tourn"]
[EventRounds "9"]
[EventCountry "ISR"]
[SourceTitle "EXT 2024"]
[Source "ChessBase"]
[SourceDate "2023.10.10"]
[SourceVersion "1"]
[SourceVersionDate "2023.10.10"]
[SourceQuality "1"]

1. d4 Nf6 2. Nf3 e6 3. g3 c5 4. Bg2 Qc7 5. 0-0 b6 6. Nc3 Bb7 7. Bf4 d6 8. Nb5 Qd7 9. c4 a6 10. Nc3 cxd4 11. Qxd4 e5 12. Nxe5 dxe5 13. Qxe5+ Be7 14. Rad1 Bxg2 15. Rxd7 Nbxd7 16. Qc7 Bd8 17. Qd6 Be7 18. Qd2 Bb7 19. Bd6 Bxd6 20. Qxd6 0-0-0 21. Nd5 Bxd5 22. cxd5 Kb7 23. Rc1 Nc5 24. Qc6+ Ka7 25. Qc7+ Nb7 26. Rc6 Nd7 27. e4 f6 28. Re6 g6 29. b4 1-0

[Event "ISR-ch"]
[Site "Ramat Aviv"]
[Date "2004.09.28"]
[Round "8"]
[White "Rinberg, Alexander"]
[Black "Sidorenko, Ilya"]
[Result "0-1"]
[WhiteElo "2336"]
[BlackElo "2283"]
[PlyCount "106"]
[EventDate "2004.09.19"]
[EventType "swiss"]
[EventRounds "9"]
[EventCountry "ISR"]
[SourceTitle "CBM 102 Extra"]
[Source "ChessBase"]
[SourceDate "2004.11.03"]
[SourceVersion "1"]
[SourceVersionDate "2004.11.03"]
[SourceQuality "1"]

1. e4 c5 2. Nf3 Nc6 3. g3 g6 4. Bg2 Bg7 5. 0-0 d6 6. c3 e5 7. b4 cxb4 8. cxb4 Bg4 9. h3 Bxf3 10. Qxf3 Nge7 11. Bb2 Nxb4 12. Qb3 Nbc6 13. Na3 a6 14. f4 Na5 15. Qa4+ Nec6 16. Rab1 0-0 17. d3 Rc8 18. Nc2 b5 19. Qa3 Qb6+ 20. Kh1 b4 21. Qa4 Nb7 22. d4 exd4 23. Qb3 Nc5 24. Qd5 Na4 25. e5 Nxb2 26. Rxb2 dxe5 27. fxe5 d3 28. Qxd3 Nxe5 29. Qe2 a5 30. Ne3 Kh8 31. Nd5 Qc5 32. Rb3 Qc2 33. Qxc2 Rxc2 34. a3 bxa3 35. Rxa3 Nc4 36. Ra4 f5 37. Re1 Bh6 38. Bf3 Rb8 39. Re2 Rc1+ 40. Kg2 Bf8 41. g4 Bd6 42. Nf6 f4 43. Ne4 Be5 44. Ng5 Bd4 45. Be4 Rb3 46. Nf3 Ne3+ 47. Kh2 Bb6 48. Raa2 Rb4 49. Bd3 a4 50. g5 Rb3 51. Be4 a3 52. h4 Ng4+ 53. Kg2 Rg1+ 0-1

[Event "ISR-ch"]
[Site "Ramat Aviv"]
[Date "2004.09.26"]
[Round "6"]
[White "Rinberg, Alexander"]
[Black "Bitensky, Igor"]
[Result "1-0"]
[WhiteElo "2336"]
[BlackElo "2377"]
[PlyCount "69"]
[EventDate "2004.09.19"]
[EventType "swiss"]
[EventRounds "9"]
[EventCountry "ISR"]
[SourceTitle "CBM 102 Extra"]
[Source "ChessBase"]
[SourceDate "2004.11.03"]
[SourceVersion "1"]
[SourceVersionDate "2004.11.03"]
[SourceQuality "1"]

1. e4 e5 2. Nf3 Nc6 3. Bb5 a6 4. Ba4 Nf6 5. 0-0 Be7 6. Bxc6 dxc6 7. d3 Nd7 8. b3 0-0 9. Bb2 Bd6 10. Nbd2 c5 11. Nc4 Re8 12. Qd2 f6 13. Nh4 Nf8 14. f4 exf4 15. Nxd6 Qxd6 16. Rxf4 Ne6 17. Rf2 Nd4 18. Re1 Re5 19. Qf4 Re6 20. Qe3 Re5 21. Nf3 Nxf3+ 22. Qxf3 Re7 23. Ref1 Qe6 24. h3 Bd7 25. Qg3 Qd6 26. Rf4 Re6 27. R1f3 Kh8 28. Qh4 c4 29. Rf5 cxd3 30. cxd3 Bc6 31. Rh5 h6 32. Rg3 Kh7 33. Rg4 Qe7 34. Rxh6+ Kg8 35. Qh5 1-0

[Event "ISR-ch"]
[Site "Ramat Aviv"]
[Date "2004.09.21"]
[Round "3"]
[White "Porat, Shay"]
[Black "Rinberg, Alexander"]
[Result "0-1"]
[WhiteElo "2431"]
[BlackElo "2336"]
[PlyCount "132"]
[EventDate "2004.09.19"]
[EventType "swiss"]
[EventRounds "9"]
[EventCountry "ISR"]
[SourceTitle "CBM 102 Extra"]
[Source "ChessBase"]
[SourceDate "2004.11.03"]
[SourceVersion "1"]
[SourceVersionDate "2004.11.03"]
[SourceQuality "1"]

1. d4 Nf6 2. c4 g6 3. Nc3 Bg7 4. e4 d6 5. Nf3 0-0 6. Be2 e5 7. 0-0 Nc6 8. d5 Ne7 9. a4 a5 10. Ne1 Nd7 11. Nd3 f5 12. exf5 gxf5 13. Ra3 Kh8 14. f4 Nb6 15. Qb3 Ng6 16. Nb5 Rg8 17. fxe5 dxe5 18. Be3 f4 19. Bxb6 cxb6 20. Nf2 Nh4 21. Bg4 Bf8 22. Bxc8 Rxc8 23. Raa1 Nxg2 24. Kh1 Ne3 25. Rg1 Rxg1+ 26. Rxg1 Rxc4 27. d6 Bxd6 28. Qd3 Be7 29. Qxd8+ Bxd8 30. Ne4 Be7 31. Nd2 Rc6 32. b3 h6 33. Nf1 Nd1 34. Nd2 Nf2+ 35. Kg2 Rg6+ 36. Kf1 Rxg1+ 37. Kxg1 Bc5 38. Kf1 e4 39. Nc3 e3 40. Nf3 Nd3 41. Nd5 Bd6 42. Nxb6 Nc1 43. Nc4 Bb4 44. Nd4 Kh7 45. Ne2 Nxb3 46. Nxf4 Nd2+ 47. Nxd2 exd2 48. Ke2 Kg7 49. Nd5 Kf7 50. h3 Ke6 51. Ne3 h5 52. Nf1 Kf5 53. Ng3+ Kg5 54. Ne4+ Kh4 55. Nf6 Kg5 56. Ne4+ Kf4 57. Nf6 h4 58. Ng4 Kg3 59. Nf2 Kg2 60. Nd1 Kxh3 61. Kf3 Bc5 62. Nc3 Bd4 63. Nd1 Kh2 64. Ke4 Bc5 65. Kf3 h3 66. Nc3 Bd4 0-1

[Event "ISR-chT"]
[Site "Israel"]
[Date "2002.01.18"]
[Round "2"]
[White "Rinberg, Alexander"]
[Black "Ruderfer, Mark B"]
[Result "1/2-1/2"]
[WhiteElo "2328"]
[BlackElo "2339"]
[PlyCount "40"]
[EventDate "2002.01.10"]
[EventType "team"]
[EventRounds "11"]
[EventCountry "ISR"]
[SourceTitle "EXT 2003"]
[Source "ChessBase"]
[SourceDate "2002.11.25"]
[SourceVersion "1"]
[SourceVersionDate "2002.11.25"]
[SourceQuality "1"]

1. e4 c6 2. d4 d5 3. Nc3 dxe4 4. Nxe4 Nf6 5. Nxf6+ gxf6 6. Nf3 Bf5 7. Be3 Nd7 8. Qd2 e6 9. 0-0-0 Nb6 10. c4 Bg4 11. Qa5 Be7 12. Bd3 Nd7 13. Qa4 Qc7 14. Kb1 Nb6 15. Qa5 Nd5 16. Qd2 Nb4 17. Ka1 Nxd3 18. Qxd3 Bxf3 19. gxf3 0-0-0 20. Qb3 Qa5 1/2-1/2

[Event "Maccabiah IM 16th"]
[Site "Tel Aviv"]
[Date "2001.07.23"]
[Round "9"]
[White "Zak, Uriel"]
[Black "Rinberg, Alexander"]
[Result "1-0"]
[WhiteElo "2335"]
[BlackElo "2328"]
[PlyCount "57"]
[EventDate "2001.07.15"]
[EventType "tourn"]
[EventRounds "9"]
[EventCountry "ISR"]
[EventCategory "4"]
[SourceTitle "CBM 083 Extra"]
[Source "ChessBase"]
[SourceDate "2001.09.11"]
[SourceVersion "1"]
[SourceVersionDate "2001.09.11"]
[SourceQuality "1"]

1. b3 e5 2. Bb2 d6 3. e3 Nf6 4. d4 Nc6 5. Nf3 Bg4 6. h3 Bh5 7. g4 Bg6 8. Bb5 e4 9. d5 a6 10. dxc6 axb5 11. cxb7 Rb8 12. Nh4 c6 13. Nc3 d5 14. Qd4 Rxb7 15. 0-0-0 b4 16. Na4 Bd6 17. Nf5 Bxf5 18. gxf5 Rg8 19. Rhg1 Kf8 20. f3 Qe7 21. fxe4 Qxe4 22. Rxg7 Qxd4 23. Rxg8+ Nxg8 24. Bxd4 Re7 25. Nc5 f6 26. Ne6+ Ke8 27. e4 dxe4 28. Bc5 Rxe6 29. Bxd6 1-0

[Event "Maccabiah IM 16th"]
[Site "Tel Aviv"]
[Date "2001.07.22"]
[Round "8"]
[White "Rinberg, Alexander"]
[Black "Klenburg, Mikhail"]
[Result "1-0"]
[WhiteElo "2328"]
[BlackElo "2348"]
[PlyCount "65"]
[EventDate "2001.07.15"]
[EventType "tourn"]
[EventRounds "9"]
[EventCountry "ISR"]
[EventCategory "4"]
[SourceTitle "CBM 083 Extra"]
[Source "ChessBase"]
[SourceDate "2001.09.11"]
[SourceVersion "1"]
[SourceVersionDate "2001.09.11"]
[SourceQuality "1"]

1. f4 d5 2. Nf3 Nf6 3. g3 g6 4. Bg2 Bg7 5. 0-0 0-0 6. d3 c5 7. Nc3 d4 8. Na4 Nbd7 9. c4 Rb8 10. b4 cxb4 11. Rb1 Ng4 12. Rxb4 a6 13. Qb3 Qc7 14. Bd2 e5 15. Nb6 Nxb6 16. Rxb6 e4 17. dxe4 Bd7 18. e5 Bb5 19. Rxb5 axb5 20. cxb5 Qb6 21. Re1 h6 22. Bh3 Ne3 23. Nxd4 Nc2 24. Qxc2 Qxd4+ 25. e3 Qd5 26. a4 Rfd8 27. Bc3 Qd3 28. Qxd3 Rxd3 29. Bd4 Ra3 30. Rc1 Rxa4 31. b6 f6 32. Be6+ Kh7 33. Rc7 1-0

[Event "Maccabiah IM 16th"]
[Site "Tel Aviv"]
[Date "2001.07.20"]
[Round "6"]
[White "Rinberg, Alexander"]
[Black "Godes, Dmitry R"]
[Result "1/2-1/2"]
[WhiteElo "2328"]
[BlackElo "2314"]
[PlyCount "160"]
[EventDate "2001.07.15"]
[EventType "tourn"]
[EventRounds "9"]
[EventCountry "ISR"]
[EventCategory "4"]
[SourceTitle "CBM 083 Extra"]
[Source "ChessBase"]
[SourceDate "2001.09.11"]
[SourceVersion "1"]
[SourceVersionDate "2001.09.11"]
[SourceQuality "1"]

1. e4 c5 2. c3 Nf6 3. e5 Nd5 4. Bc4 Nc7 5. d4 d5 6. Bb3 Nc6 7. Ne2 g6 8. h4 h5 9. Be3 Bg4 10. f3 Bf5 11. Nd2 Bg7 12. 0-0 Ne6 13. Rf2 Rc8 14. Nf1 cxd4 15. cxd4 Bh6 16. Bxh6 Rxh6 17. Ne3 Nc7 18. Qd2 Rh8 19. Nxf5 gxf5 20. Qg5 Ne6 21. Qxf5 Nexd4 22. Nxd4 Nxd4 23. Ba4+ Kf8 24. Qd3 Ne6 25. Bb3 Rg8 26. Qe3 Qb6 27. Qxb6 axb6 28. Kh2 Nf4 29. Rd1 e6 30. g3 Ng6 31. f4 Ne7 32. Rd3 Nf5 33. Bd1 Rh8 34. Rc2 Rxc2+ 35. Bxc2 Ke7 36. Rc3 Kd7 37. Ba4+ Kd8 38. Bd1 Kd7 39. a3 Nd4 40. Kg2 Nf5 41. Kf2 Nd4 42. b4 Nf5 43. a4 Nd4 44. b5 Kd8 45. f5 Nxf5 46. Kf3 Ne7 47. Kf4 Ng6+ 48. Kg5 Nxe5 49. Kf6 d4 50. Rc1 Nd7+ 51. Kg7 Rf8 52. Bxh5 Ke7 53. Rc7 Rd8 54. Bxf7 d3 55. Bg6 d2 56. Bc2 e5 57. h5 Kd6 58. Rc3 Nc5 59. h6 e4 60. h7 Ne6+ 61. Kh6 Nd4 62. Bd1 Ke5 63. Rc7 Nf5+ 64. Kg5 Nxg3 65. Re7+ Kd6 66. Rxb7 e3 67. Rxb6+ Ke5 68. Rb7 Kd6 69. Rb6+ Ke5 70. Bb3 Ne4+ 71. Kg6 e2 72. Bg8 e1Q 73. h8Q+ Kf4 74. Qh2+ Kf3 75. Bb3 d1Q 76. Bxd1+ Rxd1 77. Re6 Qg1+ 78. Qxg1 Rxg1+ 79. Kh6 Nc5 80. Rf6+ Ke4 1/2-1/2

[Event "Maccabiah IM 16th"]
[Site "Tel Aviv"]
[Date "2001.07.19"]
[Round "5"]
[White "Erenburg, Sergey"]
[Black "Rinberg, Alexander"]
[Result "1-0"]
[WhiteElo "2419"]
[BlackElo "2328"]
[PlyCount "79"]
[EventDate "2001.07.15"]
[EventType "tourn"]
[EventRounds "9"]
[EventCountry "ISR"]
[EventCategory "4"]
[SourceTitle "CBM 083 Extra"]
[Source "ChessBase"]
[SourceDate "2001.09.11"]
[SourceVersion "1"]
[SourceVersionDate "2001.09.11"]
[SourceQuality "1"]

1. e4 g6 2. d4 Bg7 3. c3 d6 4. Nf3 Nf6 5. Qc2 0-0 6. Be2 Nbd7 7. 0-0 e5 8. dxe5 dxe5 9. Re1 b6 10. Bf1 h6 11. a4 a5 12. b4 Bb7 13. Na3 axb4 14. cxb4 Nxe4 15. Rxe4 Bxe4 16. Qxe4 Kh7 17. Bb2 Qe7 18. Nb5 c5 19. Nc7 f5 20. Qd5 Rac8 21. Ne6 Rfe8 22. Nxg7 Qxg7 23. Bb5 Re7 24. Rd1 Nf6 25. Qd6 Ne4 26. Qxb6 cxb4 27. Ba6 Nc3 28. Rd6 Rcc7 29. Qxb4 e4 30. Nd4 e3 31. Bxc3 Qe5 32. f4 Qxf4 33. Rd8 Qf2+ 34. Kh1 g5 35. Qb3 Kg6 36. Qg8+ Kh5 37. Be2+ g4 38. Bxg4+ fxg4 39. Rd5+ Kh4 40. g3+ 1-0

[Event "Rishon Le Ziyyon 9798"]
[Site "Rishon Le Ziyyon"]
[Date "1997.12.31"]
[Round "7"]
[White "Krayz, Alexander"]
[Black "Rinberg, Alexander"]
[Result "1/2-1/2"]
[WhiteElo "2375"]
[BlackElo "2260"]
[PlyCount "95"]
[EventDate "1997.12.25"]
[EventType "swiss"]
[EventRounds "9"]
[EventCountry "ISR"]
[SourceTitle "CBM 062 Extra"]
[Source "ChessBase"]
[SourceDate "1998.03.09"]
[SourceVersion "1"]
[SourceVersionDate "1998.03.09"]
[SourceQuality "1"]

1. e4 c5 2. Nf3 e6 3. c3 d5 4. exd5 exd5 5. d4 c4 6. b3 cxb3 7. axb3 Bd6 8. Bd3 Ne7 9. Qc2 h6 10. 0-0 Nbc6 11. Re1 0-0 12. Nbd2 Be6 13. Nf1 Rc8 14. Qb1 Qd7 15. Ng3 f5 16. Ba3 Bxa3 17. Rxa3 f4 18. Nf1 a6 19. N1d2 g5 20. c4 Rce8 21. Ra1 Kg7 22. Qb2 Bf5 23. Ne5 Nxe5 24. dxe5 d4 25. Ne4 Rd8 26. Rad1 f3 27. Nf6 Qe6 28. Bf1 Nc6 29. Nd5 fxg2 30. Bxg2 Bh3 31. f4 gxf4 32. Bxh3 Qxh3 33. Qg2+ Qxg2+ 34. Kxg2 Rfe8 35. e6 Rd6 36. Nxf4 Nb4 37. Kf3 d3 38. Rg1+ Kf6 39. Rd2 Nc2 40. Rxd3 Rxd3+ 41. Nxd3 Nd4+ 42. Ke4 Nxe6 43. Rf1+ Kg5 44. Rf5+ Kh4 45. Ne5 Ng5+ 46. Kf4 Ne6+ 47. Ke3 Ng5 48. Kf4 1/2-1/2

[Event "Rishon Le Ziyyon 9798"]
[Site "Rishon Le Ziyyon"]
[Date "1997.12.28"]
[Round "4"]
[White "Postny, Evgeny"]
[Black "Rinberg, Alexander"]
[Result "1-0"]
[WhiteElo "2175"]
[BlackElo "2260"]
[PlyCount "81"]
[EventDate "1997.12.25"]
[EventType "swiss"]
[EventRounds "9"]
[EventCountry "ISR"]
[SourceTitle "CBM 062 Extra"]
[Source "ChessBase"]
[SourceDate "1998.03.09"]
[SourceVersion "1"]
[SourceVersionDate "1998.03.09"]
[SourceQuality "1"]

1. d4 Nf6 2. c4 g6 3. f3 Bg7 4. e4 0-0 5. Nc3 d6 6. Be3 Nc6 7. Qd2 a6 8. Rb1 Re8 9. b4 e5 10. d5 Nd4 11. Nge2 c5 12. dxc6 bxc6 13. Nxd4 exd4 14. Bxd4 d5 15. cxd5 cxd5 16. Bxf6 Bxf6 17. Nxd5 Bb7 18. Nxf6+ Qxf6 19. Qe3 Rac8 20. Be2 Rc3 21. Qf2 Rc2 22. 0-0 Qe6 23. Rbc1 Qxa2 24. Rxc2 Qxc2 25. Bd1 Qc4 26. Qb2 Rd8 27. Be2 Qc6 28. Rc1 Qb6+ 29. Kf1 h5 30. Rc5 a5 31. Rxa5 Qe3 32. Ra2 h4 33. h3 g5 34. Ra3 Qf4 35. Rd3 Rc8 36. Rc3 Rd8 37. Rd3 Rc8 38. Rc3 Re8 39. Qc1 Qf6 40. Rc5 Re5 41. Qc3 1-0

[Event "Tel Aviv Cup rapid"]
[Site "Tel Aviv"]
[Date "1996.??.??"]
[Round "1"]
[White "Zifroni, Dov"]
[Black "Rinberg, Alexander"]
[Result "1-0"]
[WhiteElo "2455"]
[BlackElo "2370"]
[PlyCount "65"]
[EventDate "1996.??.??"]
[EventType "k.o. (rapid)"]
[EventRounds "6"]
[EventCountry "ISR"]
[SourceTitle "CBM 052 Extra"]
[Source "ChessBase"]
[SourceDate "1996.07.01"]
[SourceVersion "1"]
[SourceVersionDate "1996.07.01"]
[SourceQuality "1"]

1. e4 c5 2. c3 d6 3. d4 Nf6 4. Bd3 Qc7 5. Nf3 e5 6. 0-0 Be7 7. Na3 Nc6 8. d5 Nb8 9. b4 Nbd7 10. Be3 0-0 11. Nb5 Qb8 12. bxc5 Nxc5 13. Bxc5 dxc5 14. a4 c4 15. Bxc4 Nxe4 16. Re1 a6 17. Na3 Bf5 18. Qb1 Nd6 19. Qb3 Bf6 20. Nxe5 b5 21. Bf1 Ne4 22. Nc6 Qf4 23. f3 Nc5 24. Qb4 Qxb4 25. cxb4 Bxa1 26. bxc5 Bb2 27. Nb1 Bxb1 28. Rxb1 Ba3 29. axb5 Bxc5+ 30. Kh1 axb5 31. Bxb5 Ra2 32. h4 Rfa8 33. Kh2 1-0

[Event "Czerniak Memorial 11th"]
[Site "Tel Aviv"]
[Date "1995.??.??"]
[Round "3"]
[White "Kataev, Simcho"]
[Black "Rinberg, Alexander"]
[Result "1-0"]
[WhiteElo "2360"]
[BlackElo "2335"]
[PlyCount "143"]
[EventDate "1995.??.??"]
[EventType "tourn"]
[EventRounds "11"]
[EventCountry "ISR"]
[EventCategory "4"]
[SourceTitle "EXT 1997"]
[Source "ChessBase"]
[SourceDate "1996.11.15"]
[SourceVersion "1"]
[SourceVersionDate "1996.11.15"]
[SourceQuality "1"]

1. d4 Nf6 2. Bg5 c5 3. Bxf6 gxf6 4. d5 Qb6 5. Qc1 f5 6. e3 Bg7 7. c3 Qd6 8. c4 b5 9. cxb5 Qxd5 10. Nc3 Qe6 11. Be2 Bb7 12. Bf3 Bxf3 13. Nxf3 0-0 14. 0-0 a6 15. Rd1 axb5 16. Nd5 Na6 17. Ng5 Qd6 18. Qc2 h6 19. Nf3 Kh8 20. e4 e6 21. Ne3 Qf4 22. exf5 d5 23. Qe2 d4 24. g3 Qe4 25. Nd2 Qe5 26. Nf3 Qf6 27. Ng4 Qxf5 28. Nge5 Kg8 29. a4 Nb4 30. Rac1 f6 31. Nd7 d3 32. Qe3 Nd5 33. Qxd3 Qxd3 34. Rxd3 c4 35. Nxf8 cxd3 36. Nxe6 bxa4 37. Rc4 a3 38. bxa3 Rxa3 39. Rg4 Ra1+ 40. Kg2 Ra7 41. Rd4 Rd7 42. Rxd3 Kf7 43. Nc5 Rd6 44. Nh4 Bf8 45. Kf3 h5 46. Ne4 Rd7 47. Nf5 Nb6 48. Rxd7+ Nxd7 49. h4 Ba3 50. Ke2 Kg6 51. Ne3 Bc1 52. Ng2 Bh6 53. Nc3 Nc5 54. Nd5 Kf5 55. f3 Ne6 56. Kd3 Bc1 57. Ne7+ Ke5 58. f4+ Kd6 59. Nf5+ Kd5 60. Nge3+ Kc6 61. Ke4 Kd7 62. Nc4 Ke8 63. Nd4 Ke7 64. Nb3 Bxf4 65. gxf4 Ng7 66. Nd4 Kf7 67. Nd6+ Kg6 68. f5+ Kh6 69. Ne6 Nxf5 70. Kxf5 Kh7 71. Kxf6 Kh6 72. Nd4 1-0

[Event "Czerniak Memorial 11th"]
[Site "Tel Aviv"]
[Date "1995.??.??"]
[Round "9"]
[White "Olesen, Martin"]
[Black "Rinberg, Alexander"]
[Result "0-1"]
[WhiteElo "2340"]
[BlackElo "2335"]
[PlyCount "74"]
[EventDate "1995.??.??"]
[EventType "tourn"]
[EventRounds "11"]
[EventCountry "ISR"]
[EventCategory "4"]
[SourceTitle "EXT 1997"]
[Source "ChessBase"]
[SourceDate "1996.11.15"]
[SourceVersion "1"]
[SourceVersionDate "1996.11.15"]
[SourceQuality "1"]

1. e4 c5 2. Nf3 e6 3. d4 cxd4 4. Nxd4 Nf6 5. Nc3 d6 6. Bc4 a6 7. Bb3 Nbd7 8. f4 Nc5 9. e5 dxe5 10. fxe5 Nfd7 11. Bf4 Be7 12. Qe2 0-0 13. 0-0-0 Qe8 14. Rhe1 Nxb3+ 15. axb3 Nc5 16. b4 Nd7 17. Rd3 Bxb4 18. Rg3 Kh8 19. Qg4 Rg8 20. Rh3 Nf8 21. Ree3 f5 22. exf6 gxf6 23. Qh4 Qf7 24. Rhf3 Ng6 25. Qh5 Bd7 26. Bg5 f5 27. Ne4 Be7 28. Bxe7 Qxe7 29. Nxf5 exf5 30. Ng5 Ne5 31. h4 Rg7 32. Kb1 Rf8 33. Rf1 Qf6 34. Ne4 Qg6 35. Qd1 Bb5 36. h5 Qh6 37. Qd4 Bxf1 0-1

[Event "Czerniak Memorial 11th"]
[Site "Tel Aviv"]
[Date "1995.??.??"]
[Round "6"]
[White "Rinberg, Alexander"]
[Black "Boim, Inon"]
[Result "1-0"]
[WhiteElo "2335"]
[BlackElo "2365"]
[PlyCount "85"]
[EventDate "1995.??.??"]
[EventType "tourn"]
[EventRounds "11"]
[EventCountry "ISR"]
[EventCategory "4"]
[SourceTitle "EXT 1997"]
[Source "ChessBase"]
[SourceDate "1996.11.15"]
[SourceVersion "1"]
[SourceVersionDate "1996.11.15"]
[SourceQuality "1"]

1. c4 e6 2. Nf3 Nf6 3. b3 d5 4. Bb2 Be7 5. e3 0-0 6. Be2 b6 7. 0-0 Bb7 8. d3 c5 9. Nbd2 Nc6 10. a3 Qc7 11. Qc2 Rfd8 12. Rac1 Rac8 13. Qb1 e5 14. cxd5 Nxd5 15. Rfe1 Qb8 16. Bd1 Nf6 17. Bc2 Bd6 18. Nf1 Re8 19. Qa1 Rcd8 20. Ng3 Na5 21. Nf5 Nc6 22. b4 cxb4 23. Ba4 Qa8 24. Nxd6 Rxd6 25. Nxe5 Nxe5 26. Bxe5 Rxd3 27. Bxe8 Nxe8 28. f3 bxa3 29. Rcd1 Qd8 30. Bd4 Rxd1 31. Rxd1 Qg5 32. e4 Qa5 33. Bxg7 b5 34. Qe5 Qb6+ 35. Kf1 Nxg7 36. Qb8+ Ne8 37. Qxe8+ Kg7 38. Qe5+ Kf8 39. Rd7 Kg8 40. Qe8+ Kg7 41. Qxf7+ Kh6 42. Qxh7+ Kg5 43. Qf5+ 1-0

[Event "Czerniak Memorial 11th"]
[Site "Tel Aviv"]
[Date "1995.??.??"]
[Round "2"]
[White "Rinberg, Alexander"]
[Black "Shabtai, Ran"]
[Result "1-0"]
[WhiteElo "2335"]
[BlackElo "2330"]
[PlyCount "91"]
[EventDate "1995.??.??"]
[EventType "tourn"]
[EventRounds "11"]
[EventCountry "ISR"]
[EventCategory "4"]
[SourceTitle "EXT 1997"]
[Source "ChessBase"]
[SourceDate "1996.11.15"]
[SourceVersion "1"]
[SourceVersionDate "1996.11.15"]
[SourceQuality "1"]

1. d4 Nf6 2. Nf3 d5 3. c4 e6 4. Nc3 c6 5. e3 Nbd7 6. Qc2 Bd6 7. Be2 0-0 8. 0-0 Re8 9. a3 e5 10. cxd5 cxd5 11. dxe5 Nxe5 12. h3 Nxf3+ 13. Bxf3 Qe7 14. Be2 Be6 15. Bd2 Rac8 16. Qd3 Bb8 17. Rad1 d4 18. Qxd4 Bb3 19. Bf3 Rcd8 20. Qh4 Rd3 21. Bc1 Qe5 22. g3 Bxd1 23. Bxd1 g5 24. Qc4 Rdd8 25. Bb3 Re7 26. e4 Rd4 27. Qc8+ Re8 28. Qxb7 Rd7 29. Qc6 Rd6 30. Qc4 Rd7 31. f4 Qd6 32. e5 Qb6+ 33. Kh2 Rc7 34. Qa4 Nd7 35. Nd5 Qb7 36. Nxc7 Qxc7 37. Qc4 Qxc4 38. Bxc4 gxf4 39. gxf4 Kf8 40. Bd2 Rc8 41. Bb4+ Ke8 42. Bb5 a5 43. Rd1 Rc2+ 44. Kg3 axb4 45. Rxd7 b3 46. Rb7+ 1-0

[Event "Czerniak Memorial 11th"]
[Site "Tel Aviv"]
[Date "1995.??.??"]
[Round "5"]
[White "Shrentzel, Mordechai"]
[Black "Rinberg, Alexander"]
[Result "0-1"]
[WhiteElo "2325"]
[BlackElo "2335"]
[PlyCount "72"]
[EventDate "1995.??.??"]
[EventType "tourn"]
[EventRounds "11"]
[EventCountry "ISR"]
[EventCategory "4"]
[SourceTitle "EXT 1997"]
[Source "ChessBase"]
[SourceDate "1996.11.15"]
[SourceVersion "1"]
[SourceVersionDate "1996.11.15"]
[SourceQuality "1"]

1. e4 c5 2. c3 d6 3. d4 Nf6 4. dxc5 Nc6 5. Qd3 dxc5 6. Qxd8+ Nxd8 7. Bd3 g6 8. f4 Bg7 9. Nf3 0-0 10. 0-0 Nc6 11. Nbd2 b6 12. e5 Ne8 13. Be4 Bb7 14. b4 cxb4 15. cxb4 Nd6 16. Bxc6 Bxc6 17. Nd4 Bb7 18. Bb2 Nf5 19. Nxf5 gxf5 20. Nb3 Rfd8 21. Nd4 e6 22. Rfd1 Rd5 23. Rac1 Rad8 24. Rc7 R5d7 25. Rdc1 Be4 26. Rxd7 Rxd7 27. Kf2 Bf8 28. a3 a5 29. bxa5 bxa5 30. a4 Be7 31. Ke3 h5 32. g3 Bd8 33. Rc5 Bb6 34. Rb5 Rb7 35. Bc3 Bc6 36. Rb1 Bxd4+ 0-1